Пиццы Додо - Statistics

General Stats
  • This quiz has been taken 413 times
  • The average score is 11 of 28
Answer Stats
Picture Answer % Correct
Пепперони
86%
Сырная
72%
Маргарита
70%
Четыре сыра
66%
Четыре сезона
63%
Гавайская
61%
Мясная
60%
Песто
50%
Двойная пепперони
46%
Додо
43%
Бургер-пицца
42%
Ветчина и сыр
41%
Пепперони фреш
39%
Аррива!
38%
Ветчина и грибы
37%
Сырный цыпленок
30%
Цыпленок барбекю
29%
Карбонара
28%
Цыпленок ранч
25%
Диабло
24%
Пицца Жульен
23%
Чоризо фреш
22%
Додо Микс
16%
Пицца из половинок
15%
Двойной цыпленок
15%
Овощи и грибы
13%
Колбаски барбекю
13%
Мортаделла с песто
4%
No matching quizzes found
Score Distribution
Percent of People with Each Score
Percentile by Number Answered
Your Score History
You have not taken this quiz